Lancaster-Thomas v Teignbridge District Council (Record no. 79387)

MARC details
000 -LEADER
fixed length control field 01775cad a22002175a 4500
001 - CONTROL NUMBER
control field L140949
008 - FIXED-LENGTH DATA ELEMENTS--GENERAL INFORMATION
fixed length control field 071022e20070618xxk 000 0 eng d
035 ## - SYSTEM CONTROL NUMBER
System control number (Sirsi) u140949
041 0# - LANGUAGE CODE
Language code of text/sound track or separate title eng
245 00 - TITLE STATEMENT
Title Lancaster-Thomas v Teignbridge District Council
Medium [electronic resource]
260 ## - PUBLICATION, DISTRIBUTION, ETC.
Date of publication, distribution, etc. 2007
520 ## - SUMMARY, ETC.
Summary, etc. [2007] EWLands LCA_167_2005, 18 June 2007. Considers whether compensation was due to the owner of a farm and land due to loss of value to property caused by the owner's inability to construct a boundary fence due to the refusal of planning permission. The claimant, Ms Lancaster-Thomas (L) argued that the refusal of planning permission for a fence and gate reduced value of her property. Valuations were produced to support this claim, but no comparables were offered. L argued that the existing hedge could not be used as a boundary and that without a fence border plot was of little value to prospective purchasers. "Held": The valuation of the damages suffered by L was not based on substantive comparable valuations and relied heavily on the market appraisal of the property. It was small enough that given the excellent position of the property and strength of the market, any loss suffered would be absorbed by the market. No compensation was payable.
590 ## - LOCAL NOTE (RLIN)
Local note KA
650 24 - SUBJECT ADDED ENTRY--TOPICAL TERM
Topical term or geographic name entry element LANCASTER-THOMAS V TEIGNBRIDGE DC
650 24 - SUBJECT ADDED ENTRY--TOPICAL TERM
Topical term or geographic name entry element TOWN AND COUNTRY PLANNING ACT 1990
650 24 - SUBJECT ADDED ENTRY--TOPICAL TERM
Topical term or geographic name entry element TOWN AND COUNTRY PLANNING (GENERAL PERMITTED DEVELOPMENT) ORDER 1995
651 #4 - SUBJECT ADDED ENTRY--GEOGRAPHIC NAME
Geographic name England and Wales
Chronological subdivision 1543-
690 ## - LOCAL SUBJECT ADDED ENTRY--TOPICAL TERM (OCLC, RLIN)
Topical term or geographic name as entry element ENVIRONMENTAL AND LAND CONSULTANCY-PLANNING AND DEVELOPMENT-COMPULSORY PURCHASE AND COMPENSATION
856 40 - ELECTRONIC LOCATION AND ACCESS
Uniform Resource Identifier <a href="https://www.bailii.org/ew/cases/EWLands/2007/LCA_167_2005.html">https://www.bailii.org/ew/cases/EWLands/2007/LCA_167_2005.html</a>
Public note View the judgment free of charge at www.bailii.org...
942 ## - ADDED ENTRY ELEMENTS (KOHA)
Suppress in OPAC 0
Holdings
Withdrawn status Lost status Source of classification or shelving scheme Damaged status Not for loan Home library Current library Shelving location Date acquired Total Checkouts Full call number Barcode Date last seen Copy number Price effective from Koha item type
    Dewey Decimal Classification     Virtual Virtual Online 22/10/2007   ONLINE PUBLICATION 140949-1001 06/08/2019 1 06/08/2019 Law report